Organizational behavior and management / (Record no. 10978)
[ view plain ]
| 000 -LEADER | |
|---|---|
| fixed length control field | 02159nac a22003491u 4500 |
| 008 - FIXED-LENGTH DATA ELEMENTS--GENERAL INFORMATION | |
| fixed length control field | 090301t xxu||||| |||| 00| 0 eng d |
| 010 ## - LIBRARY OF CONGRESS CONTROL NUMBER | |
| LC control number | 2006035825 |
| 020 ## - INTERNATIONAL STANDARD BOOK NUMBER | |
| International Standard Book Number | 978001285803 (alk. paper) |
| 020 ## - INTERNATIONAL STANDARD BOOK NUMBER | |
| International Standard Book Number | 0071285806 (alk. paper) |
| 035 ## - SYSTEM CONTROL NUMBER | |
| System control number | (OCoLC)ocm74649107 |
| 035 ## - SYSTEM CONTROL NUMBER | |
| System control number | (OCoLC)74649107 |
| 082 00 - DEWEY DECIMAL CLASSIFICATION NUMBER | |
| Classification number | 658.4 |
| Item number | IVA |
| 100 ## - MAIN ENTRY--PERSONAL NAME | |
| Personal name | Ivancevich, John M. |
| 245 10 - TITLE STATEMENT | |
| Title | Organizational behavior and management / |
| Statement of responsibility, etc | John M. Ivancevich, Robert Konopaske, Michael T. Matteson. |
| 250 ## - EDITION STATEMENT | |
| Edition statement | 8th ed. |
| Remainder of edition statement | McGraw-Hill International ed. |
| 260 ## - PUBLICATION, DISTRIBUTION, ETC. (IMPRINT) | |
| Place of publication, distribution, etc | Boston : |
| Name of publisher, distributor, etc | McGraw-Hill/Irwin,c2008. |
| Date of publication, distribution, etc | c2008. |
| 300 ## - PHYSICAL DESCRIPTION | |
| Extent | xvii, 606 p. : |
| Other physical details | ill. ; |
| Dimensions | 26 cm. |
| 504 ## - BIBLIOGRAPHY, ETC. NOTE | |
| Bibliography, etc | Includes bibliographical references (p. 533-572) and indexes. |
| 650 #0 - SUBJECT ADDED ENTRY--TOPICAL TERM | |
| Topical term or geographic name as entry element | Organizational behavior. |
| 700 1# - ADDED ENTRY--PERSONAL NAME | |
| Personal name | Konopaske, Robert. |
| 700 1# - ADDED ENTRY--PERSONAL NAME | |
| Personal name | Matteson, Michael T. |
| 856 41 - ELECTRONIC LOCATION AND ACCESS | |
| Materials specified | Table of contents only |
| Uniform Resource Identifier | <a href="http://www.loc.gov/catdir/toc/ecip073/2006035825.html">http://www.loc.gov/catdir/toc/ecip073/2006035825.html</a> |
| 856 41 - ELECTRONIC LOCATION AND ACCESS | |
| Materials specified | Publisher description |
| Uniform Resource Identifier | <a href="http://www.loc.gov/catdir/enhancements/fy0705/2006035825-d.html">http://www.loc.gov/catdir/enhancements/fy0705/2006035825-d.html</a> |
| 856 41 - ELECTRONIC LOCATION AND ACCESS | |
| Materials specified | Contributor biographical information |
| Uniform Resource Identifier | <a href="http://www.loc.gov/catdir/enhancements/fy0737/2006035825-b.html">http://www.loc.gov/catdir/enhancements/fy0737/2006035825-b.html</a> |
| 942 ## - ADDED ENTRY ELEMENTS (KOHA) | |
| Item type | Book - Borrowing |
| Call number prefix | 658.4IVA |
| Source of classification or shelving scheme | Dewey Decimal Classification |
| Withdrawn status | Item status | Source of classification or shelving scheme | Damaged status | Not for loan | Vendor | Home library | Current library | Shelving location | Date acquired | Source of acquisition | Total Checkouts | Total Renewals | Full call number | Barcode | Date last seen | Date last borrowed | Koha item type |
|---|---|---|---|---|---|---|---|---|---|---|---|---|---|---|---|---|---|
| Dewey Decimal Classification | Baccah | Central Library | Central Library | First floor | 01/03/2009 | 3 | 38 | 658.4 IVA | 000015351 | 15/07/2025 | 06/12/2016 | Book - Borrowing | |||||
| Dewey Decimal Classification | Baccah | Central Library | Central Library | First floor | 01/03/2009 | 1 | 12 | 658.4 IVA | 000015350 | 15/07/2025 | 12/10/2011 | Book - Borrowing | |||||
| Dewey Decimal Classification | Baccah | Central Library | Central Library | First floor | 01/03/2009 | 3 | 8 | 658.4 IVA | 000015349 | 15/07/2025 | 04/11/2015 | Book - Borrowing | |||||
| Dewey Decimal Classification | Baccah | Central Library | Central Library | First floor | 01/03/2009 | 6 | 6 | 658.4 IVA | 000015348 | 15/07/2025 | 18/04/2017 | Book - Borrowing | |||||
| Dewey Decimal Classification | Baccah | Central Library | Central Library | First floor | 01/03/2009 | 3 | 2 | 658.4 IVA | 000015347 | 15/07/2025 | 12/05/2015 | Book - Borrowing | |||||
| Dewey Decimal Classification | Baccah | Central Library | Central Library | First floor | 01/03/2009 | 658.4 IVA | 000015346 | 15/07/2025 | NB - Book (Non borrowing) |